An Introduction to the Pronunciation. (Record no. 2452)

MARC details
000 -LEADER
fixed length control field 00369nam a22001217a 4500
005 - DATE AND TIME OF LATEST TRANSACTION
control field 20200915112357.0
008 - FIXED-LENGTH DATA ELEMENTS--GENERAL INFORMATION
fixed length control field 200915b ||||| |||| 00| 0 eng d
020 ## - INTERNATIONAL STANDARD BOOK NUMBER
International Standard Book Number 0713155558
040 ## - CATALOGING SOURCE
Transcribing agency CML
245 ## - TITLE STATEMENT
Title An Introduction to the Pronunciation.
Statement of responsibility, etc. Gimson, A.C.
260 ## - PUBLICATION, DISTRIBUTION, ETC.
Place of publication, distribution, etc. England
Name of publisher, distributor, etc. J.W. Arrowsmith Ltd
Date of publication, distribution, etc. 1970
942 ## - ADDED ENTRY ELEMENTS (KOHA)
Source of classification or shelving scheme Dewey Decimal Classification
Koha item type Books
Edition 1st Edition
Classification part 421
Call number suffix GRM
Holdings
Withdrawn status Lost status Source of classification or shelving scheme Damaged status Not for loan Collection code Home library Current library Shelving location Date acquired Total Checkouts Full call number Date last seen Copy number Price effective from Koha item type
    Dewey Decimal Classification     Language Chalimbana Main Library Chalimbana Main Library Language 09/15/2020   421.5 GRM 09/15/2020 1 09/15/2020 Books

Powered by Koha